Normal view
MARC view
- Supervisor: Dr. Muhammad Umar Khan
Entry Personal Name
001 - CONTROL NUMBER
- control field: 99071
003 - CONTROL NUMBER IDENTIFIER
- control field: NUST
005 - DATE AND TIME OF LATEST TRANSACTION
- control field: 20220930091147.0
008 - FIXED-LENGTH DATA ELEMENTS
- fixed length control field: 220930|| aca||aabn | a|a d
040 ## - CATALOGING SOURCE
- Original cataloging agency: NUST
- Transcribing agency: NUST
100 ## - HEADING--PERSONAL NAME
- Personal name: Supervisor: Dr. Muhammad Umar Khan
670 ## - SOURCE DATA FOUND
- Source citation: Work cat.: (NUST): Khattak, Muhammad Salman 99070, Design of a Small Aperture VHF Antenna for Direction Finding on UAV Platforms /
